| 000 | 00542nmm a2200169Ia 4500 | ||
|---|---|---|---|
| 008 | 251105s9999||||xx |||||||||||||||||und|| | ||
| 020 | _a9788415538882 | ||
| 041 | _aspa | ||
| 100 | _aLaliena Corbera, Carlos | ||
| 245 | 0 | _aSiervos medievales de Aragón y Navarra en los siglos XI-XIII | |
| 264 |
_a[Madrid, España] : _bPrensas Universitarias de Zaragoza, _c2012 |
||
| 300 | _a525 páginas | ||
| 490 | _aCiencias sociales | ||
| 650 | _aHistory of Europe: Spain | ||
| 856 | _uhttps://public.digitaliapublishing.com/a/42800 | ||
| 942 | _cCF | ||
| 999 |
_c76827 _d76827 |
||